| 000 | 00370nam a2200145Ia 4500 | ||
|---|---|---|---|
| 008 | 151213s9999 xx 000 0 und d | ||
| 100 | _aGrahame Greene | ||
| 245 |
_aThe Lief Childhood & Other Essays _cGrahame Greene |
||
| 250 | _a1st | ||
| 260 |
_aEngland _bPenguing Book _c1951 |
||
| 300 | _a4569 p. | ||
| 650 | _aReference | ||
| 700 | _aGrahame Greene | ||
| 999 |
_c2943 _d2943 |
||